000 01911cam a2200505 a 4500
001 15877855
003 OSt
005 20180116192417.0
008 090817s2009 gw ae 001 0 eng c
010 _a 2009509863
015 _aGBA910874
_2bnb
015 _a991182901
_2dnb
016 7 _a014895149
_2Uk
016 7 _a991182901
_2DE-101
020 _a9783938780787 (hbk.)
020 _a3938780789 (hbk.)
020 _a9783037680049
020 _a3037680040
035 _a(OCoLC)ocn246898811
040 _aUKM
_beng
_cUKM
_dBTCTA
_dYDXCP
_dOHX
_dTXA
_dOSU
_dGBVCP
_dHEBIS
_dDEBBG
_dOCL
_dDLC
042 _apcc
050 0 0 _aNK2115.5.F3
_bU34 2009
082 _a721.044
100 1 _aUffelen, Chris van.
_96865
245 1 0 _aFine fabric :
_bdelicate materials for architecture and interior design /
_cChris van Uffelen.
250 _a1st ed.
260 _aBerlin :
_bBraun,
_c2009.
300 _a256 p. :
_bcol. ill., plans ;
_c24 cm.
500 _aIncludes index.
650 0 _aTextile fabrics in interior decoration.
_96866
650 0 _aBuildings, Temporary
_xMaterials.
_96867
650 0 7 _aInnenarchitektur.
_2swd
_96868
650 0 7 _aMobile Architektur.
_2swd
_96869
650 0 7 _aBaustoff.
_2swd
_96870
650 0 7 _aTextilfaser.
_2swd
_96871
650 0 7 _aArchitektur.
_2swd
_96872
655 7 _aBeispielsammlung.
_2swd
_96873
856 4 _qtext/html
_uhttp://deposit.d-nb.de/cgi-bin/dokserv?id=3174841&prov=M&dok_var=1&dok_ext=htm
_301 Inhaltstext
856 4 _uhttp://bvbr.bib-bvb.de:8991/F?func=service&doc_library=BVB01&doc_number=018865509&line_number=0001&func_code=DB_RECORDS&service_type=MEDIA
_zInhaltsverzeichnis
906 _a7
_bcbc
_cpccadap
_d3
_encip
_f20
_gy-gencatlg
942 _2ddc
_cBK
999 _c353775
_d353775